Compatibilidad entre variadores de velocidad y generadores eléctricos de combustión interna
সংরক্ষণ করুন:
| প্রধান লেখক: | |
|---|---|
| বিন্যাস: | গ্রন্থ |
| প্রকাশিত: |
San José, C.R
1999
|
| বিষয়গুলি: | |
| ট্যাগগুলো: |
ট্যাগ যুক্ত করুন
কোনো ট্যাগ নেই, প্রথমজন হিসাবে ট্যাগ করুন!
|
MARC
| LEADER | 00000nam a2200000Ia 4500 | ||
|---|---|---|---|
| 003 | 008410 | ||
| 005 | 20221231144218.0 | ||
| 008 | 140114s1999 cr a m 000 ||s d | ||
| 040 | |c cru CEDI | ||
| 090 | |a TFG 3971 | ||
| 100 | |a Escalante Quirós, Fernando |9 8706 | ||
| 245 | |a Compatibilidad entre variadores de velocidad y generadores eléctricos de combustión interna | ||
| 260 | |c 1999 |a San José, C.R | ||
| 300 | |a xi, 76 hojas : ilustraciones | ||
| 500 | |a Tesis(licenciatura en ingeniería civil)--Universidad de Costa Rica. Facultad de Ingeniería. Escuela de Ingeniería Eléctrica | ||
| 650 | |x kMOTORES DE COMBUSTION INTERNA |x DINAMOS |x REGULADORES ELECTRICOS |9 8708 | ||
| 942 | |c TFG | ||
| 999 | |c 18501 |d 18501 | ||
